SAIR-E-IQBAL SHANASI DAR AFGHANISTAN / (Record no. 613101)
[ view plain ]
| 000 -LEADER | |
|---|---|
| fixed length control field | 00479nam a22001457a 4500 |
| 020 ## - INTERNATIONAL STANDARD BOOK NUMBER | |
| International Standard Book Number | 978-9694163528 |
| 082 ## - DEWEY DECIMAL CLASSIFICATION NUMBER | |
| Classification number | 181.07 |
| Author Mark | RAU |
| 245 ## - TITLE STATEMENT | |
| Title | SAIR-E-IQBAL SHANASI DAR AFGHANISTAN / |
| Remainder of title | By: Abdul Rauf Khan Rafiqui |
| 260 ## - PUBLICATION, DISTRIBUTION, ETC. | |
| Place of publication, distribution, etc. | لاہور: |
| Name of publisher, distributor, etc. | شرکت پرنٹنگ پریس, |
| 300 ## - PHYSICAL DESCRIPTION | |
| Extent | 264P.; |
| 563 ## - BINDING INFORMATION | |
| Binding note | Hardcover |
| 880 ## - ALTERNATE GRAPHIC REPRESENTATION | |
| Linkage | 100-01\r |
| Title | عبد الرؤف خان رفیقی |
| 880 ## - ALTERNATE GRAPHIC REPRESENTATION | |
| Linkage | 245-02\r |
| Title | سیرِ اقبال شناسی در افغانستان |
| 942 ## - ADDED ENTRY ELEMENTS (KOHA) | |
| Source of classification or shelving scheme | |
| Koha item type | Book |
| Withdrawn status | Lost status | Source of classification or shelving scheme | Damaged status | Not for loan | Permanent Location | Current Location | Date acquired | Source of acquisition | Total Checkouts | Full call number | Barcode | Date last seen | Price effective from | Koha item type |
|---|---|---|---|---|---|---|---|---|---|---|---|---|---|---|
| Central Library (CL) | Central Library (CL) | 03/03/2025 | Donation | 181.07 RAU | CL-D-2734 | 03/03/2025 | 03/03/2025 | Book |
